| 000 | 01282 a2200241 4500 | ||
|---|---|---|---|
| 001 | 61063 | ||
| 005 | 20260407155901.0 | ||
| 008 | 260407a1991 arg spa d | ||
| 003 | AR-UNSa-BCEJYS | ||
| 040 |
_aAR-UNSa-BCEJYS _bspa _cAR-UNSa-BCEJYS |
||
| 080 |
_a343.359 _xDelitos contra el fisco y otras autoridades administrativas (Derecho Penal Tributario, Delitos fiscales) |
||
| 245 | 1 | 0 | _aIlícitos tributarios en las leyes 11.683 y 23.771 |
| 020 | _a978-950-14-0623-8 | ||
| 250 | _a2a. ed. | ||
| 264 | 1 |
_aBuenos Aires : _bEdiciones Depalma _c1991 |
|
| 300 |
_axx, 348 p. _c23 cm. |
||
| 505 | _a1. El ilícito tributario. Su ubicación en el marco del derecho público - 2. Derecho tributario penal. Su relación con otras ramas del derecho - 3. Sujetos infractores - 4. Intencionalidad - 5. Infractores y sanciones en la legislación tributaria - 6. Infracciones formales - 7. Infracciones materiales en la ley 11.683 - 8. La ley penal, tributaria - 9. Concurrencia de sanciones - 10. El procedimiento sumarial en la ley 11.683 - 11. El procedimiento para la clausura - 12. Aspectos procesales en la ley 23.771 | ||
| 041 | _aspa | ||
| 942 | _cBK | ||
| 590 | _aniveau_biblio:m niveau_hierar:0 | ||
| 100 | 1 | _aGurfinkel de Wendy, Lilian N. | |
| 700 | 1 | _aRusso, Eduardo Ángel | |
| 999 |
_c7193 _d7193 |
||